00803 a2200181 45000010006000000050017000060080041000230030015000640400040000790800104001192450041002232640051002643000019003155050165003340410008004991000019005078560095005265388120260407155809.0260407a1964 arg spa dAR-UNSa-BCEJYS aAR-UNSa-BCEJYSbspacAR-UNSa-BCEJYS a330.1xCiencia económica. Conceptos fundamentales de teoría económica. Valor. Capital. Fondos10aEnsayos sobre análisis económico 1aMéxico :bFondo de Cultura Económicac1964 a238 p.c21 cm. a1. Producción y acumulación - 2. Acumulación y distribución - 3. Una economía de cambio - 4. Industria capitalista - 5. Un sistema racional de precios aspa1 aRobinson, Joan41uhttps://biblioeco.unsa.edu.ar/pmb/images/libros/L128456.jpgyImagen de portadaqimage/jpeg